000 00657nab a2200241 a 4500
001 55924
003 126860
005 20201118103151.0
008 ||||||n9999 ||| || ||
041 _aspa
245 0 _aDerechos prestacionales son fundamentales para los ninos
260 _aBogotá :
_bDEREC,
_c1998.
300 _app.744-765
562 _e0
650 _aANÁLISIS JURÍDICO
650 _aCALIDAD DE LA ATENCION EN SALUD
650 _aCOLOMBIA
650 _aDISCRIMINACION ECONOMICA
650 _aELIMINACION DE LA DISCRIMINACION
650 _aNIÑO--DERECHOS CIVILES
773 _055377
_aTutela - Vol.5 No.53
942 _cSART
999 _c55924
_d55924